Städte nach Emojis - Statistiken

Allgemein
  • Dieses Quiz wurde 138 mal gespielt
  • Das Durchschnittsergebnis liegt bei 12 aus 15
Antwortstatistiken
Tipp Stadt % Korrekt
🚲🌷🧀 Amsterdam
94%
💂‍♂️🎡📞 London
93%
🗼🍷🥖 Paris
93%
🏛️🍝🛵 Rom
92%
🗽🍎🚕 New York City
91%
🍺🥨🍖 München
89%
🎰🎲🌃 Las Vegas
88%
🎬🌴☀️ Los Angeles
84%
🎭🐨🦘 Sydney
84%
🐻🧱🍻 Berlin
82%
🗼🍣🌸 Tokio
77%
🍔🏰🐟 Hamburg
65%
⛰️💃⚽ Rio de Janeiro
58%
🌧🏰🥨 Regensburg
55%
🏙💶💉 Frankfurt am Main
43%
Keine übereinstimmenden Quizze gefunden
Verteilung der Resultate
Anzahl Personen mit jedem Resultat
Perzentil nach korrekt beantworteten Fragen
Ihre Resultats-Entwicklung
Sie haben dieses Quiz noch nicht gespielt